Central Library OPAC University of Rajshahi

تربية الأولاد في الإسلام ;; Tarbiyat al-awlād fī al-Islām / (Record no. 78486)

MARC details
000 -LEADER
fixed length control field 01176nam a2200301 u 4500
001 - CONTROL NUMBER
control field 78486
003 - CONTROL NUMBER IDENTIFIER
rucl marc code BD-RjUL
005 - DATE AND TIME OF LATEST TRANSACTION
control field 20211213151446.0
008 - FIXED-LENGTH DATA ELEMENTS--GENERAL INFORMATION
fixed length control field 210927s1981 le ||b |00010 ara||
020 ## - INTERNATIONAL STANDARD BOOK NUMBER
International Standard Book Number 9777322402
035 ## - SYSTEM CONTROL NUMBER
System control number (BD-RjUL)78486
040 ## - CATALOGING SOURCE
Original cataloging agency UkOxU
Language of cataloging eng
Transcribing agency BD-RjUL
041 ## - LANGUAGE CODE
Language code of text/sound track or separate title ara
066 ## - CHARACTER SETS PRESENT
Alternate G0 or G1 character set (3
082 ## - DEWEY DECIMAL CLASSIFICATION NUMBER
Edition number 23
Classification number 297.77
Author mark and year ALT 1981
100 1# - MAIN ENTRY--PERSONAL NAME
Personal name علوان، عبد الله;; ʿAlwān, ʿAbd Allāh
Linkage 880-01
9 (RLIN) 248556
245 10 - TITLE STATEMENT
Title تربية الأولاد في الإسلام ;; Tarbiyat al-awlād fī al-Islām /
Statement of responsibility, etc. عبد الله علوان.;; Abd Allāh ʿUlwān.
250 ## - EDITION STATEMENT
Edition statement al-Ṭabʿah 2;; .الطبعة الثالثة المزيدة
260 ## - PUBLICATION, DISTRIBUTION, ETC. (IMPRINT)
Place of publication, distribution, etc. Bayrūt ;
-- Ḥalab :
Name of publisher, distributor, etc. Dār al-Salām lil-Ṭibāʿah wa-al-Nashr wa-al-Tawzīʿ,
Date of publication, distribution, etc. 1981
Place of publication, distribution, etc. بيروت ;
-- حلب :
Name of publisher, distributor, etc. دارالسلام للطباعة والنشر والتوزيع،
Date of publication, distribution, etc. 1981
300 ## - PHYSICAL DESCRIPTION
Pagination 2 v. ;
Size 23 cm.
504 ## - BIBLIOGRAPHY, ETC. NOTE
Bibliography, etc Includes bibliographical references.
505 ## - FORMATTED CONTENTS NOTE
Formatted contents note Vol.1.--v.2,
650 #0 - SUBJECT ADDED ENTRY--TOPICAL TERM
Topical term or geographic name as entry element Islamic religious education of children.
9 (RLIN) 248557
Topical term or geographic name as entry element Islamic education
Form subdivision Qurʼanic teaching.
9 (RLIN) 248558
Topical term or geographic name as entry element Islam
9 (RLIN) 248559
942 ## - ADDED ENTRY ELEMENTS (KOHA)
Source of classification or shelving scheme Dewey Decimal Classification
Koha item type Books
Holdings
Lost status Source of classification or shelving scheme Damaged status Not for loan Collection code Permanent Location Current Location Shelving location Date acquired Cost, normal purchase price Full call number Date last seen Copy number Koha item type Source of acquisition Total Checkouts
  Dewey Decimal Classification   Not For Loan Non-fiction Central Library, University of Rajshahi Central Library, University of Rajshahi Reading Room 29/08/1987 300.00 A 297.77 ALT V-1 1981 27/09/2021 C-1 Books    
  Dewey Decimal Classification   Not For Loan Non-fiction Central Library, University of Rajshahi Central Library, University of Rajshahi Reading Room 29/08/1987 300.00 A 297.77 ALT V-2 1981 13/12/2021 C-1 Books Islamic studes R.U.  
  Dewey Decimal Classification     Non-fiction Central Library, University of Rajshahi Central Library, University of Rajshahi General Stacks   300.00 A 297.77 ALT V-2 1981 13/12/2021 C-2 Books Islamic studes R.U.